000 06394nam a22006138a 4500
005 20060426130507.0
008 060419s2007 nyu 000 1 eng
010 _aB-277878-910
020 _a9788172237073
_c250.00
035 _aB-277878-910
037 _aHarperCollins/1044/9.8.08/11.7.08
040 _adpl
_bEnglish
082 _aS
100 _aReddi, Rishi.
245 _aKarma and other stories /
_cby Rishi Reddi.
260 _aNew Delhi
_bHarperCollins
_c2007
300 _a215p.
_c20cm (pbk)
650 _aEast Indian Americans
_vFiction.
942 _2ddc
_cEN
_hS
_mRED
999 _c20574
_d20574